| 000 | 00747nam a2200205 a 4500 | ||
|---|---|---|---|
| 001 | 2985 | ||
| 005 | 20140414131939.0 | ||
| 008 | 060103s19uu xx 00 eng d | ||
| 020 | _a0439-52977-8 | ||
| 050 |
_aTR 418.4 _bSi4 2005 |
||
| 100 | _aSimpson, Jodi | ||
| 245 |
_aCircle time poetry Science, Grades Pre K-1 / _cby Jodi Simpson. |
||
| 260 |
_aNew York : _bScholastic Teaching Resources, _c2005. |
||
| 300 | _a80 p. ; cm. | ||
| 440 | _aScholastic teaching resources | ||
| 500 | _aConnects to the NAEYC standards. | ||
| 520 | _aDelightful poems with activities that help young children build a phonemic awareness, oral language, and early Science skills. | ||
| 650 |
_aReading _xEnglish language _xJuvenile literature. |
||
| 999 |
_c112554 _d112554 |
||